Japan's finance and taxation, 1940-1956

Shranjeno v:
Bibliografske podrobnosti
Glavni avtor: Shiomi, Saburo
Format: Knjiga
Jezik:Undetermined
Izdano: New York Columbia University 1957
Teme:
Oznake: Označite
Brez oznak, prvi označite!
Thư viện lưu trữ: Trung tâm Học liệu Trường Đại học Cần Thơ
LEADER 00527nam a2200193Ia 4500
001 CTU_86399
008 210402s9999 xx 000 0 und d
082 |a 336.2 
082 |b S625 
100 |a Shiomi, Saburo 
245 0 |a Japan's finance and taxation, 1940-1956 
245 0 |c Saburo Shiomi; translated by Shotaro Hasegawa 
260 |a New York 
260 |b Columbia University 
260 |c 1957 
650 |a Taxation 
650 |z Japan 
904 |i Năm 
980 |a Trung tâm Học liệu Trường Đại học Cần Thơ